[Event "Le Touquet op 26th"]
[Site "Le Touquet"]
[Date "2011.10.25"]
[Round "5"]
[White "Bellaiche, Elise"]
[Black "Luco, Alain"]
[Result "0-1"]
[WhiteElo "1924"]
[BlackElo "2084"]
[PlyCount "102"]
[EventDate "2011.10.22"]
[EventType "swiss"]
[EventRounds "9"]
[EventCountry "FRA"]
[SourceTitle "EXT 2012"]
[Source "ChessBase"]
[SourceDate "2011.11.24"]
[SourceVersion "1"]
[SourceVersionDate "2011.11.24"]
[SourceQuality "1"]

1. e4 c5 2. Nc3 Nc6 3. f4 e6 4. Bb5 Nge7 5. Nf3 a6 6. Bxc6 Nxc6 7. e5 d5 8. d3 b5 9. 0-0 Bd7 10. f5 h6 11. Kh1 Qc7 12. Bf4 0-0-0 13. fxe6 Bxe6 14. a4 b4 15. Ne2 Be7 16. c3 bxc3 17. bxc3 g5 18. Bg3 h5 19. d4 c4 20. Qd2 Rdg8 21. Qb2 h4 22. Be1 g4 23. Nfg1 Na5 24. Nf4 Nb3 25. Nxe6 fxe6 26. Rd1 Bg5 27. Qe2 Bd8 28. Bd2 Qd7 29. Be3 Qxa4 30. Rf7 Qe8 31. Rdf1 Kb8 32. Qa2 Rf8 33. Rxf8 Rxf8 34. Rxf8 Qxf8 35. Qxa6 Qf5 36. Qb5+ Kc7 37. Qa6 h3 38. Qa7+ Kc8 39. Qa8+ Kd7 40. Qa4+ Ke7 41. Qa7+ Ke8 42. Qa4+ Kf7 43. Qa2 Ba5 44. Qb2 Kg6 45. Bf2 Qe4 46. Bg3 Bxc3 47. Qf2 Qxg2+ 48. Qxg2 hxg2+ 49. Kxg2 Bxd4 50. Ne2 Bb2 51. Bf2 Bxe5 0-1

[Event "Le Touquet op 26th"]
[Site "Le Touquet"]
[Date "2011.10.24"]
[Round "4"]
[White "Luco, Alain"]
[Black "Renard, Stephane"]
[Result "1/2-1/2"]
[WhiteElo "2084"]
[BlackElo "1979"]
[PlyCount "40"]
[EventDate "2011.10.22"]
[EventType "swiss"]
[EventRounds "9"]
[EventCountry "FRA"]
[SourceTitle "EXT 2012"]
[Source "ChessBase"]
[SourceDate "2011.11.24"]
[SourceVersion "1"]
[SourceVersionDate "2011.11.24"]
[SourceQuality "1"]

1. e4 c5 2. c3 Nf6 3. e5 Nd5 4. d4 cxd4 5. Nf3 Nc6 6. Bc4 Nb6 7. Bb3 d5 8. exd6 Qxd6 9. 0-0 Be6 10. Na3 dxc3 11. Qe2 Bxb3 12. Nb5 Qb8 13. axb3 e5 14. Nbd4 Nxd4 15. Nxd4 f6 16. bxc3 Kf7 17. Nb5 a6 18. Be3 axb5 19. Bxb6 Rxa1 20. Rxa1 Qe8 1/2-1/2

[Event "FRA-chT2 0910"]
[Site "France"]
[Date "2009.11.22"]
[Round "4.5"]
[White "Luco, Alain"]
[Black "Le Montagner, Yoann"]
[Result "1/2-1/2"]
[WhiteElo "2148"]
[BlackElo "2020"]
[PlyCount "70"]
[EventDate "2009.09.27"]
[EventType "team-tourn"]
[EventRounds "11"]
[EventCountry "FRA"]
[SourceTitle "EXT 2011"]
[Source "ChessBase"]
[SourceDate "2010.11.26"]
[SourceVersion "1"]
[SourceVersionDate "2010.11.26"]
[SourceQuality "1"]

1. e4 c5 2. c3 d5 3. exd5 Qxd5 4. d4 e5 5. dxe5 Qxe5+ 6. Be3 Nf6 7. Nf3 Qd5 8. Na3 Be7 9. Qa4+ Bd7 10. Bb5 0-0 11. 0-0 a6 12. c4 Bxb5 13. Nxb5 Qc6 14. Nc3 Qxa4 15. Nxa4 Nbd7 16. Nc3 Rfe8 17. h3 Bd6 18. Rad1 Be5 19. Nxe5 Nxe5 20. b3 Ned7 21. Rd6 b5 22. cxb5 axb5 23. Nxb5 Rxa2 24. Rfd1 Re7 25. Bg5 h6 26. Be3 Rb2 27. R1d3 Kh7 28. Na3 Ne5 29. Rd1 Rxb3 30. Ra6 Ne4 31. Rc1 Nd3 32. Rb1 c4 33. Ra1 Rc7 34. Nc2 Rb2 35. R6a2 Rxa2 1/2-1/2

[Event "Fouesnant op 15th"]
[Site "Fouesnant"]
[Date "2009.10.30"]
[Round "8"]
[White "Ashanina, Olga"]
[Black "Luco, Alain"]
[Result "1-0"]
[WhiteElo "1991"]
[BlackElo "2139"]
[PlyCount "117"]
[EventDate "2009.10.26"]
[EventType "swiss"]
[EventRounds "9"]
[EventCountry "FRA"]
[SourceTitle "EXT 2010"]
[Source "ChessBase"]
[SourceDate "2010.11.25"]
[SourceVersion "1"]
[SourceVersionDate "2010.11.25"]
[SourceQuality "1"]

1. e4 e6 2. d4 d5 3. Nd2 c5 4. exd5 Qxd5 5. Ngf3 cxd4 6. Bc4 Qd6 7. 0-0 Nf6 8. Nb3 Nc6 9. Nbxd4 Nxd4 10. Nxd4 a6 11. Bb3 Qc7 12. Re1 Bd6 13. h3 0-0 14. Bg5 e5 15. Nf3 e4 16. Nh4 Bh2+ 17. Kh1 Qe5 18. Bxf6 Qxf6 19. Rxe4 Be5 20. Qe2 Bxb2 21. Rd1 Ba3 22. Rdd4 g5 23. Qh5 Kg7 24. Nf3 h6 25. Re5 Bf5 26. Rdd5 Bg6 27. Qg4 Bb2 28. Re2 Rfe8 29. Red2 Re4 30. Qg3 Rae8 31. Rd1 Ba3 32. Rd7 R8e7 33. Rxe7 Qxe7 34. Ng1 Bc5 35. Bd5 Re1 36. Qc3+ Re5 37. Nf3 Bd6 38. Nxe5 Bxe5 39. Qb3 Qf6 40. Bf3 Qf4 41. g3 Qf5 42. Kg2 b5 43. Rd5 h5 44. Qe3 f6 45. Qa7+ Kh6 46. Rd8 Bh7 47. Bxh5 Qxc2 48. Rh8 Qe4+ 49. Bf3 Qg6 50. Qxa6 Qg7 51. Ra8 Qd7 52. Ra7 Qd3 53. Qb7 Qg6 54. Qxb5 Bd4 55. Rd7 Be5 56. a4 Qc2 57. Qb4 Qc1 58. Qg4 f5 59. Qh5# 1-0

[Event "Fouesnant op 15th"]
[Site "Fouesnant"]
[Date "2009.10.28"]
[Round "6"]
[White "Inkiov, Ventzislav"]
[Black "Luco, Alain"]
[Result "1-0"]
[WhiteElo "2465"]
[BlackElo "2139"]
[PlyCount "81"]
[EventDate "2009.10.26"]
[EventType "swiss"]
[EventRounds "9"]
[EventCountry "FRA"]
[SourceTitle "EXT 2010"]
[Source "ChessBase"]
[SourceDate "2010.11.25"]
[SourceVersion "1"]
[SourceVersionDate "2010.11.25"]
[SourceQuality "1"]

1. e4 e6 2. d4 d5 3. e5 c5 4. c3 Nc6 5. Nf3 Qb6 6. Be2 cxd4 7. cxd4 Nh6 8. b3 Nf5 9. Bb2 Bb4+ 10. Kf1 Be7 11. h4 Bd7 12. g4 Nh6 13. Rg1 f6 14. exf6 gxf6 15. Bc1 Nf7 16. Nc3 0-0-0 17. Bf4 Bd6 18. Be3 Rdg8 19. a3 Qc7 20. Nb5 Qb8 21. Qd2 a6 22. Nxd6+ Qxd6 23. Rc1 Qxa3 24. Bf4 Kd8 25. g5 fxg5 26. hxg5 Nd6 27. Ne5 Ne4 28. Qe3 Rf8 29. Bf3 Rxf4 30. Qxf4 Rf8 31. Qe3 Nd6 32. Bg4 Nf5 33. Bxf5 Rxf5 34. g6 hxg6 35. Rxg6 Ne7 36. Rh6 Bb5+ 37. Kg2 Rf8 38. Rh7 Rg8+ 39. Kh2 Nf5 40. Nf7+ Ke8 41. Qxe6+ 1-0

[Event "Fouesnant op 14th"]
[Site "Fouesnant"]
[Date "2008.10.29"]
[Round "6"]
[White "Luco, Alain"]
[Black "Goy, Wilfried"]
[Result "1/2-1/2"]
[WhiteElo "2122"]
[BlackElo "1946"]
[PlyCount "74"]
[EventDate "2008.10.25"]
[EventType "swiss"]
[EventRounds "9"]
[EventCountry "FRA"]
[SourceTitle "EXT 2009"]
[Source "ChessBase"]
[SourceDate "2008.11.26"]
[SourceVersion "1"]
[SourceVersionDate "2008.11.26"]
[SourceQuality "1"]

1. e4 e6 2. d3 d5 3. Nd2 c5 4. g3 Bd7 5. Bg2 Bc6 6. Ngf3 Nd7 7. 0-0 dxe4 8. dxe4 Qc7 9. Re1 e5 10. c3 Be7 11. Qc2 Ngf6 12. Nh4 g6 13. Nc4 Nh5 14. Nf3 h6 15. Be3 g5 16. Bh3 Nhf6 17. Bf5 Kf8 18. Rad1 b5 19. Ncd2 Kg7 20. c4 b4 21. h3 Qb7 22. Nh2 Nf8 23. f3 Ne6 24. Bxe6 fxe6 25. Ndf1 a5 26. Bc1 Rad8 27. b3 Rxd1 28. Rxd1 Rd8 29. Rxd8 Bxd8 30. Ne3 Qf7 31. Qd2 Qd7 32. Nhg4 Qxd2 33. Bxd2 Nd7 34. Nf2 Be7 35. Nd3 Kg6 36. Bc1 h5 37. Kg2 Bd6 1/2-1/2

[Event "Fouesnant op 14th"]
[Site "Fouesnant"]
[Date "2008.10.26"]
[Round "2"]
[White "Inkiov, Ventzislav"]
[Black "Luco, Alain"]
[Result "1-0"]
[WhiteElo "2455"]
[BlackElo "2122"]
[PlyCount "57"]
[EventDate "2008.10.25"]
[EventType "swiss"]
[EventRounds "9"]
[EventCountry "FRA"]
[SourceTitle "EXT 2009"]
[Source "ChessBase"]
[SourceDate "2008.11.26"]
[SourceVersion "1"]
[SourceVersionDate "2008.11.26"]
[SourceQuality "1"]

1. e4 e6 2. d4 d5 3. e5 c5 4. c3 Nc6 5. Nf3 cxd4 6. cxd4 Qb6 7. Be2 f6 8. 0-0 Bd7 9. Nc3 Be7 10. a3 Rc8 11. Bd3 f5 12. Re1 Nd8 13. Bd2 g6 14. b4 Nf7 15. a4 Ngh6 16. a5 Qd8 17. a6 b6 18. Nb5 Bxb5 19. Bxb5+ Kf8 20. Qa4 Rc7 21. Rac1 g5 22. Rxc7 Qxc7 23. Rc1 Qb8 24. Bd7 Kg7 25. Bxe6 Rd8 26. Qc6 g4 27. Qb7 Kf8 28. Rc7 Re8 29. Rxe7 1-0

[Event "Fouesnant op 13th"]
[Site "Fouesnant"]
[Date "2007.10.30"]
[Round "5"]
[White "Luco, Alain"]
[Black "Purenne, Benoit"]
[Result "1-0"]
[WhiteElo "2097"]
[BlackElo "1893"]
[PlyCount "49"]
[EventDate "2007.10.27"]
[EventType "swiss"]
[EventRounds "9"]
[EventCountry "FRA"]
[SourceTitle "EXT 2008"]
[Source "ChessBase"]
[SourceDate "2007.11.25"]
[SourceVersion "1"]
[SourceVersionDate "2007.11.25"]
[SourceQuality "1"]

1. e4 c5 2. c3 Nf6 3. e5 Nd5 4. d4 cxd4 5. Nf3 Nc6 6. Bc4 Nb6 7. Bb3 d6 8. exd6 Qxd6 9. 0-0 Be6 10. Na3 dxc3 11. Qe2 Bxb3 12. Nb5 Qb8 13. axb3 g6 14. bxc3 Bg7 15. Nbd4 Nxd4 16. Nxd4 Qe5 17. Qf3 Qd5 18. Qe2 0-0 19. Qxe7 Rfe8 20. Qb4 Re4 21. Be3 f5 22. Ra5 Bf8 23. Qb5 Qf7 24. Nf3 Qc7 25. Bxb6 1-0

[Event "Fouesnant op 12th"]
[Site "Fouesnant"]
[Date "2006.11.03"]
[Round "8"]
[White "Huguet, Francois"]
[Black "Luco, Alain"]
[Result "1/2-1/2"]
[WhiteElo "2070"]
[BlackElo "2125"]
[PlyCount "97"]
[EventDate "2006.10.28"]
[EventType "swiss"]
[EventRounds "9"]
[EventCountry "FRA"]
[SourceTitle "EXT 2008"]
[Source "ChessBase"]
[SourceDate "2007.11.25"]
[SourceVersion "1"]
[SourceVersionDate "2007.11.25"]
[SourceQuality "1"]

1. d4 Nf6 2. c4 c5 3. d5 b5 4. cxb5 a6 5. bxa6 g6 6. Nc3 Bxa6 7. e4 Bxf1 8. Kxf1 d6 9. g3 Bg7 10. Kg2 0-0 11. Nge2 Qb6 12. f3 Na6 13. b3 Rfc8 14. Be3 Qa5 15. Qd2 c4 16. bxc4 Rxc4 17. Rhc1 Nd7 18. Nd1 Qxd2 19. Bxd2 Bxa1 20. Rxc4 Nac5 21. Rc2 Ne5 22. Nf2 Ra3 23. f4 Ned3 24. Nxd3 Nxd3 25. Kf1 Ra4 26. Bc3 Bxc3 27. Nxc3 Rc4 28. Ke2 Nc5 29. e5 Kg7 30. Kd1 Rb4 31. Rd2 h5 32. a3 Rb3 33. exd6 exd6 34. Rc2 Rxa3 35. Nb5 Ra1+ 36. Ke2 Rh1 37. Nxd6 Rxh2+ 38. Kd1 Rxc2 39. Kxc2 Kf8 40. Kc3 Ke7 41. Nc8+ Kd8 42. Nd6 Ke7 43. Nc8+ Kd7 44. Kd4 Kxc8 45. Kxc5 Kd7 46. d6 f6 47. Kd5 g5 48. fxg5 fxg5 49. Ke5 1/2-1/2

[Event "Fouesnant op 12th"]
[Site "Fouesnant"]
[Date "2006.10.28"]
[Round "1"]
[White "Peyre, Camille"]
[Black "Luco, Alain"]
[Result "0-1"]
[WhiteElo "1797"]
[BlackElo "2125"]
[PlyCount "36"]
[EventDate "2006.10.28"]
[EventType "swiss"]
[EventRounds "9"]
[EventCountry "FRA"]
[SourceTitle "EXT 2008"]
[Source "ChessBase"]
[SourceDate "2007.11.25"]
[SourceVersion "1"]
[SourceVersionDate "2007.11.25"]
[SourceQuality "1"]

1. d4 Nf6 2. Bg5 e6 3. e4 h6 4. Bxf6 Qxf6 5. Nf3 c5 6. c3 d5 7. exd5 exd5 8. dxc5 Bxc5 9. Qxd5 Qb6 10. Qd2 0-0 11. Nd4 Nc6 12. Nxc6 Re8+ 13. Be2 Bxf2+ 14. Kf1 bxc6 15. Na3 Bh4 16. Bc4 Bg4 17. Qd4 Qxb2 18. Rb1 Qxb1+ 0-1

[Event "FRA-chT2 West 0607"]
[Site "France"]
[Date "2006.10.15"]
[Round "1.3"]
[White "Heurtebize, Christophe"]
[Black "Luco, Alain"]
[Result "1-0"]
[WhiteElo "2104"]
[BlackElo "2125"]
[PlyCount "209"]
[EventDate "2006.10.15"]
[EventType "team"]
[EventRounds "11"]
[EventCountry "FRA"]
[SourceTitle "EXT 2008"]
[Source "ChessBase"]
[SourceDate "2007.11.25"]
[SourceVersion "1"]
[SourceVersionDate "2007.11.25"]
[SourceQuality "1"]
[WhiteTeam "Le Mans"]
[BlackTeam "Guingamp II"]
[WhiteTeamCountry "FRA"]
[BlackTeamCountry "FRA"]

1. c4 Nf6 2. g3 g6 3. Bg2 Bg7 4. Nf3 d6 5. 0-0 0-0 6. Nc3 e5 7. d4 Nbd7 8. Qc2 c6 9. Rd1 Qc7 10. b3 Re8 11. Ba3 Bf8 12. e3 Qa5 13. Qc1 e4 14. Nd2 d5 15. Bxf8 Nxf8 16. cxd5 cxd5 17. h3 Bd7 18. Qb2 Rac8 19. b4 Qc7 20. Rac1 Qd6 21. Ne2 Ne6 22. a3 a6 23. Rxc8 Rxc8 24. Rc1 Rxc1+ 25. Qxc1 Qc7 26. Qxc7 Nxc7 27. Nc3 Nfe8 28. Bf1 Nd6 29. Kg2 Kg7 30. g4 h5 31. Be2 hxg4 32. hxg4 f5 33. gxf5 gxf5 34. Bd1 b5 35. Bb3 Nc4 36. Bxc4 bxc4 37. Ndb1 Kf6 38. Ne2 Ke6 39. Nbc3 Kd6 40. Kg3 Nb5 41. Nxb5+ axb5 42. Kf4 Ke6 43. Kg5 Kf7 44. Nc3 Ke6 45. Kg6 Be8+ 46. Kg7 Bd7 47. Kf8 Kd6 48. Kf7 Bc6 49. Ne2 Bd7 50. Kf6 Be6 51. Nc3 Bd7 52. Kf7 Bc6 53. Kg6 Bd7 54. Kg5 Ke6 55. Ne2 Kf7 56. Kf4 Kf6 57. Nc3 Ke6 58. Kg3 Kd6 59. Kg2 Kc6 60. Kf1 Kd6 61. Ke2 Kc6 62. Kd2 Kd6 63. Kc2 Kc6 64. Kb2 Be6 65. a4 bxa4 66. Ka3 Kb6 67. Kxa4 Bg8 68. b5 Bf7 69. Kb4 Bg8 70. Na4+ Kb7 71. Kc5 Kc7 72. Nc3 Bf7 73. b6+ Kb7 74. Nb5 Kb8 75. Kb4 Be8 76. Nc3 Bf7 77. Kc5 Kb7 78. Na2 Bg8 79. Nb4 Bf7 80. Nc6 Bg8 81. Na5+ Kb8 82. b7 Bf7 83. Kc6 c3 84. Kb6 Be8 85. Nb3 c2 86. Nc5 Bb5 87. Nb3 Ba4 88. Nc1 Be8 89. Kc5 Bf7 90. Kb6 Be8 91. Kc5 Bf7 92. Kc6 Bh5 93. Kxd5 Kxb7 94. Kc4 Kc6 95. Kc3 Bd1 96. Kd2 Kb5 97. Nb3 Kc4 98. Na1 f4 99. Nxc2 Bxc2 100. Kxc2 fxe3 101. fxe3 Kb4 102. Kd2 Kc4 103. Ke2 Kd5 104. Kf2 Kc4 105. Kg3 1-0

[Event "FRA-chT3 Gr5 "]
[Site "Bretagne"]
[Date "2006.??.??"]
[Round "9.4"]
[White "Luco, Alain"]
[Black "Pascot, Jean"]
[Result "1-0"]
[WhiteElo "2137"]
[BlackElo "1950"]
[PlyCount "83"]
[EventDate "2006.??.??"]
[EventType "team"]
[EventRounds "9"]
[EventCountry "FRA"]
[SourceTitle "EXT 2007"]
[Source "ChessBase"]
[SourceDate "2006.11.23"]
[SourceVersion "1"]
[SourceVersionDate "2006.11.23"]
[SourceQuality "1"]
[WhiteTeam "Guingamp II"]
[WhiteTeamCountry "FRA"]

1. e4 e5 2. Nf3 Nc6 3. Bb5 a6 4. Ba4 Nf6 5. 0-0 b5 6. Bb3 Be7 7. Re1 0-0 8. c3 d5 9. exd5 e4 10. dxc6 exf3 11. d4 Bd6 12. h3 Re8 13. Rxe8+ Qxe8 14. Nd2 fxg2 15. Qf3 Qe1+ 16. Kxg2 Be6 17. Qe3 Qxe3 18. fxe3 Nd5 19. Nf3 Re8 20. e4 Nf4+ 21. Bxf4 Bxf4 22. d5 Bc8 23. Re1 g5 24. e5 Kf8 25. e6 fxe6 26. dxe6 Ke7 27. Nd4 Kf6 28. Kf3 Be5 29. Ke4 Bxd4 30. Rf1+ Kg6 31. cxd4 Bxe6 32. Bxe6 Rxe6+ 33. Kd5 Re8 34. Kc5 h5 35. Kb4 g4 36. hxg4 hxg4 37. Ka5 Re4 38. Kxa6 Rxd4 39. Kb7 Rd2 40. Rb1 Rc2 41. Kxc7 Kf6 42. Kb7 1-0

[Event "FRA-chT3 0405"]
[Site "France"]
[Date "2005.04.02"]
[Round "8"]
[White "Luco, Alain"]
[Black "Thevenot, David"]
[Result "0-1"]
[WhiteElo "2153"]
[BlackElo "2087"]
[PlyCount "80"]
[EventDate "2004.10.10"]
[EventType "team"]
[EventRounds "9"]
[EventCountry "FRA"]
[SourceTitle "EXT 2007"]
[Source "ChessBase"]
[SourceDate "2006.11.23"]
[SourceVersion "1"]
[SourceVersionDate "2006.11.23"]
[SourceQuality "1"]

1. e4 d5 2. exd5 Qxd5 3. Nc3 Qd8 4. d4 Nf6 5. Nf3 Bf5 6. Ne5 Nbd7 7. Bd3 Bxd3 8. Nxd3 e6 9. 0-0 Be7 10. Qf3 c6 11. Bf4 Qb6 12. Ne2 Nd5 13. Bg3 Bf6 14. Qe4 Nb4 15. Ndf4 Be7 16. Nh5 0-0 17. c4 Qa5 18. Nhf4 e5 19. Nh3 f5 20. Qf3 f4 21. Qg4 fxg3 22. Qxd7 gxh2+ 23. Kxh2 Rf7 24. Qxb7 Rd8 25. a3 Nc2 26. b4 Qa4 27. Nc3 Qb3 28. Qxc6 Nxa1 29. Nb5 Nc2 30. d5 Nxa3 31. d6 Bf8 32. Ng5 Rfd7 33. Nxa3 Qxa3 34. Qd5+ Kh8 35. c5 Qxb4 36. Rd1 Qh4+ 37. Nh3 Bxd6 38. Qc6 Qg4 39. cxd6 Qxd1 40. Ng5 Qh5+ 0-1

[Event "Fouesnant op 10th"]
[Site "Fouesnant"]
[Date "2004.10.26"]
[Round "5"]
[White "Luco, Alain"]
[Black "Le Carre, Claude"]
[Result "1-0"]
[WhiteElo "2154"]
[BlackElo "1860"]
[PlyCount "65"]
[EventDate "2004.10.23"]
[EventType "swiss"]
[EventRounds "9"]
[EventCountry "FRA"]
[SourceTitle "EXT 2007"]
[Source "ChessBase"]
[SourceDate "2006.11.23"]
[SourceVersion "1"]
[SourceVersionDate "2006.11.23"]
[SourceQuality "1"]

1. e4 d6 2. d4 Nf6 3. Nc3 g6 4. Be3 Bg7 5. f3 c6 6. Qd2 Nbd7 7. g4 b5 8. Nge2 Nb6 9. Ng3 Qc7 10. Bh6 Bxh6 11. Qxh6 Nc4 12. Bxc4 bxc4 13. 0-0 Bb7 14. b3 Qa5 15. Nge2 Ba6 16. Rfb1 Rb8 17. bxc4 Rxb1+ 18. Rxb1 Kd7 19. Qg7 Rg8 20. Qxf7 h5 21. d5 cxd5 22. exd5 Qc5+ 23. Kg2 hxg4 24. Qe6+ Kd8 25. Rb8+ Bc8 26. Ne4 Qc7 27. Nxf6 gxf3+ 28. Kf2 Rf8 29. Nd4 Rxf6 30. Nc6+ Qxc6 31. Qg8+ Kd7 32. Qe8+ Kc7 33. Rxc8+ 1-0

[Event "Fouesnant op 10th"]
[Site "Fouesnant"]
[Date "2004.10.24"]
[Round "3"]
[White "Luco, Alain"]
[Black "Le Diouron, Aurelie"]
[Result "1-0"]
[WhiteElo "2154"]
[BlackElo "1991"]
[PlyCount "55"]
[EventDate "2004.10.23"]
[EventType "swiss"]
[EventRounds "9"]
[EventCountry "FRA"]
[SourceTitle "EXT 2007"]
[Source "ChessBase"]
[SourceDate "2006.11.23"]
[SourceVersion "1"]
[SourceVersionDate "2006.11.23"]
[SourceQuality "1"]

1. e4 c5 2. c3 d5 3. exd5 Qxd5 4. d4 Nc6 5. Nf3 Bg4 6. dxc5 Qxc5 7. Be3 Qa5 8. Qb3 Qc7 9. Na3 Bxf3 10. gxf3 a6 11. 0-0-0 b5 12. Kb1 e6 13. Rg1 Nf6 14. f4 g6 15. c4 bxc4 16. Nxc4 Nd5 17. Rxd5 exd5 18. Nb6 Rb8 19. Nxd5 Qd6 20. Qc3 Qxd5 21. Qxh8 Qf5+ 22. Ka1 f6 23. Bc4 Nb4 24. Bb3 Rb7 25. Ba4+ Rb5 26. Qxh7 Qd5 27. Qxg6+ Ke7 28. Bb3 1-0

[Event "Fouesnant op 08th"]
[Site "Fouesnant"]
[Date "2002.11.01"]
[Round "9.3"]
[White "Le Roux, Jean Pierre"]
[Black "Luco, Alain"]
[Result "1-0"]
[WhiteElo "2345"]
[BlackElo "2128"]
[PlyCount "55"]
[EventDate "2002.10.26"]
[EventType "swiss"]
[EventRounds "9"]
[EventCountry "FRA"]
[SourceTitle "EXT 2003"]
[Source "ChessBase"]
[SourceDate "2002.11.25"]
[SourceVersion "1"]
[SourceVersionDate "2002.11.25"]
[SourceQuality "1"]

1. Nf3 Nf6 2. d4 c5 3. e3 d5 4. c4 e6 5. Nc3 Nc6 6. Bd3 dxc4 7. Bxc4 Be7 8. 0-0 0-0 9. a3 a6 10. Bd3 Qc7 11. dxc5 Bxc5 12. b4 Ba7 13. Bb2 b5 14. Ne4 Nxe4 15. Bxe4 f5 16. Bb1 Bb7 17. Ba2 Rae8 18. Ng5 Nd8 19. Rc1 Qe7 20. Qh5 h6 21. Nh3 Kh7 22. Rfd1 e5 23. Rc7 Qf6 24. Rdd7 Bb8 25. Rxg7+ Qxg7 26. Rxg7+ Kxg7 27. Nf4 Kf6 28. Qxh6+ 1-0